000 00594nam a2200205Ia 4500
003 GCL
008 140319s9999 xx 000 0 eng d
040 _aGCL /
_cGCL
082 0 4 _a956.04
_bS A
100 1 _aSPIEGEL, STEVEN L.
245 1 0 _aTHE ARAB-ISRAELI SEARCH FOR PEACE /
_cSPIEGEL, STEVEN L.
260 _a[S.N] :
_bLYNNE RIENNER PUBLISHING ،
_c1992
300 _a199 P
650 0 4 _aISRAEL - ARAB CONFLICT
650 0 4 _aCONFLICT MANAGEMENT
650 0 4 _aMIDDLE EAST
650 0 4 _aARMS CONTROL - MIDDLE EAST
650 0 4 _aISRAEL - ARAB CONFLICT - 1973 - 1993
942 _2ddc
_cBK
999 _c24033
_d24033